LEADER 00899nam0 2200253 450 001 000020524 005 20081216102911.0 100 $a20081212d1916----km-y0itay50------ba 101 0 $aita 102 $aIT 105 $ay-------001yy 200 1 $aTavole logaritmiche a cinque cifre decimali$fraccolte e pubblicate per cura dell'Istituto idrografico della R. Marina 205 $a2. ed. 210 $aGenova$cIstituto Idrografico della R. Marina$d1916 215 $aXVII, 524 p.$d28 cm 500 10$aTavole logaritmiche a cinque cifre decimali$947498 610 1 $aLogaritmi$aTavole 676 $a512.922$v21$9Esponenti e logaritmi 710 02$aIstituto Idrografico della R. Marina$0630246 801 0$aIT$bUNIPARTHENOPE$c20081212$gRICA$2UNIMARC 912 $a000020524 951 $aG 512.922/2$bG 39$cDSA$d2008 996 $aTavole logaritmiche a cinque cifre decimali$947498 997 $aUNIPARTHENOPE LEADER 01262nam0 22003373i 450 001 UFI0346531 005 20231121125908.0 010 $a8808031772 010 $a9788808031778 100 $a20141021d2000 ||||0itac50 ba 101 | $aita$cita 102 $ait 181 1$6z01$ai $bxxxe 182 1$6z01$an 200 1 $aChimica degli alimenti$econservazione e trasformazioni$fPatrizia Cappelli, Vanna Vannucchi 205 $a2. edizione$bristampa aggiornata 210 $aBologna$cZanichelli$d2000 215 $aX, 667 p.$cill.$d27 cm 500 10$aChimica degli alimenti$3TO02061965$9MILV022263$973299 606 $aAlimenti$xChimica$2FIR$3RMLC399995$9I 676 $a664$9$v20 700 1$aCappelli$b, Patrizia$3MILV022263$4070$0355660 701 1$aVannucchi$b, Vanna$3MILV022264$4070$0355661 801 3$aIT$bIT-01$c20141021 850 $aIT-FR0098 899 $aBiblioteca Area Giuridico Economica$bFR0098 912 $aUFI0346531 950 0$aBiblioteca Area Giuridico Economica$d 53TER 664/3$e 53VM 0000100365 VM barcode:ECO010553. - Inventario:4890. - Fondo:Sala consultazioneVM$fA $h20000921$i20121204 977 $a 53 996 $aChimica degli alimenti$973299 997 $aUNICAS